000 00633nam a2200181Ia 4500
008 090124s9999 xx 000 0 und d
082 _b105269
100 _aपाण्डेय रुपनारायण
245 _a शरत् - साहित्य भाग 30 वा
250 _a1
260 _c1953
300 _a160
600 _aपाण्डेय रुपनारायण
630 _a शरत् - साहित्य भाग 30 वा
700 _aपाण्डेय रुपनारायण
730 _a शरत् - साहित्य भाग 30 वा
942 _cBOOK
999 _c151360
_d151360